000 01015nam a2200265 a 4500
003 DO-SdBNP
005 20220922135337.0
008 110411s1981 dr 000 0 spa d
040 _aDO-SdBNP
_bspa
_cBPMSU
082 _a336.205091724
_bI29c 1981
_222
100 1 _aIllanes, Luis
245 1 3 _aEl control de los impuestos en los países en desarrollo de América /
_cLuis Illanes, Leonel Díaz Mc Arthur.
260 _aSanto Domingo :
_bINCAT,
_c1981.
300 _a3 v. ;
_c22 cm.
490 0 _aManuales de finanzas públicas
_v11-13
500 _aMaterial de apoyo para los programas desarrollados por el Instituto de Capacitación Triburaria.
590 _aInventariado, 2022/VM
650 4 _aImpuestos
_xPaíses en desarrollo
_xEstudios comparados.
650 4 _aImpuestos
_zPaíses en desarrollo
650 4 _aImpuestos
_xAdministración
700 1 _aDíaz Mc Arthur, Leonel
710 2 _aInstituto de Capacitación Tributaria (República Dominicana)
910 _aVMateo V. /Validado.
942 _2ddc
_cBK
999 _c14277
_d14277